000 00305nam a2200121Ia 4500
008 191201s2015 xx 000 0 und d
100 _aJAIN, Anil K
245 0 _aFundamentals of Digital Image Processing
260 _aN. Delhi
_bPearson
_c2015
300 _a569
650 _aM.Tech (ECE)
942 _2ddc
_cBK
999 _c6690
_d6690